000
00330nam a22001457a 4500
008
210512b ||||| |||| 00| 0 eng d
020
_a
020107723X
041
_a
eng
080
_a
159.9
082
_a
159.9
100
_a
48
101
_a
PSI
245
_a
Death and Dying Challenge and Change
_c
Robert Fulton
942
_2
udc
_c
BK
999
_c
57292
_d
57292